000 00295nam a22001337a 4500
008 171101b xxu||||| |||| 00| 0 eng d
020 _a0804718121
041 _aeng
080 _a339
100 _a59
101 _aTRE
245 _aBETWEEN MITI AND THE MARKET
_cOKIMOTO,D.I
942 _2udc
_cBK
999 _c37046
_d37046